Information and communication technologies : (Registro nro. 5041)

Detalles MARC
000 -LEADER
fixed length control field 00897nam a2200217Ia 4500
003 - CONTROL NUMBER IDENTIFIER
control field OSt
005 - DATE AND TIME OF LATEST TRANSACTION
control field 20200506111828.0
008 - FIXED-LENGTH DATA ELEMENTS--GENERAL INFORMATION
fixed length control field 191128s2002 wau gr 000 0 spa d
020 ## - INTERNATIONAL STANDARD BOOK NUMBER
International Standard Book Number 821351052
040 ## - CATALOGING SOURCE
Original cataloging agency CO-JMCR
Transcribing agency CO-JMCR
041 0# - LANGUAGE CODE
Language code of text/sound track or separate title spa
082 04 - DEWEY DECIMAL CLASSIFICATION NUMBER
Classification number 306.42 /
Item number W674i
110 1# - MAIN ENTRY--CORPORATE NAME
Corporate name or jurisdiction name as entry element World Bank Group
9 (RLIN) 3995
245 10 - TITLE STATEMENT
Title Information and communication technologies :
Remainder of title a world bank group strategy /
Statement of responsibility, etc. World Bank Group
260 ## - PUBLICATION, DISTRIBUTION, ETC.
Place of publication, distribution, etc. Washington :
Name of publisher, distributor, etc. The World Bank Group,
Date of publication, distribution, etc. 2002
300 ## - PHYSICAL DESCRIPTION
Extent 82 páginas :
Dimensions 28 cm.
505 ## - FORMATTED CONTENTS NOTE
Formatted contents note Knowledge, information and communication technologies,and the scope of the sector strategy paper -- Information infrastructure and development -- Past performance and new challenges -- Strategic directions in informaction infrastructure
650 14 - SUBJECT ADDED ENTRY--TOPICAL TERM
Topical term or geographic name entry element Sociología del conocimiento
9 (RLIN) 3996
650 24 - SUBJECT ADDED ENTRY--TOPICAL TERM
Topical term or geographic name entry element Tecnologías de la comunicación
9 (RLIN) 3997
942 ## - ADDED ENTRY ELEMENTS (KOHA)
Source of classification or shelving scheme Dewey Decimal Classification
Koha item type Books
Existencias
Withdrawn status Lost status Source of classification or shelving scheme Materials specified (bound volume or other part) Damaged status Not for loan Home library Current library Shelving location Date acquired Source of acquisition Cost, normal purchase price Total Checkouts Full call number Barcode Date last seen Copy number Price effective from Koha item type
    Dewey Decimal Classification Donación--15/04/2018--     Biblioteca Pública José María del Castillo y Rada Biblioteca Pública José María del Castillo y Rada General Stacks 11/28/2019 Donación 0.00   306.42 / W674i 430001189 05/16/2024 Ej.1 11/28/2019 Books